Génesis del gobierno constitucional en México : 1808-1820 /
El libro aborda los orígenes de la Constitución de Apatzingán de 1814, considerada la primera Carta Magna de México en armas. También se analiza la personalidad de sus autores, las razones por las cuales se retrasó su promulgación y finalmente las opiniones que de esta ley tuvieron algunos historiad...
Đã lưu trong:
| Tác giả chính: | |
|---|---|
| Định dạng: | Sách |
| Ngôn ngữ: | Tiếng Tây Ban Nha |
| Được phát hành: |
México :
Secretaría de Educación Pública,
1973, c1973
|
| Loạt: | (SepSetentas ;
94) |
| Những chủ đề: | |
| Các nhãn: |
Không có thẻ, Là người đầu tiên thẻ bản ghi này!
|
MARC
| LEADER | 00000nam^a2200000^a^4500 | ||
|---|---|---|---|
| 001 | 000095310 | ||
| 005 | 20250521000000.0 | ||
| 009 | 20260310092906.876 | ||
| 037 | |a Acervo ITESO - Biblioteca | ||
| 041 | |a ESP | ||
| 082 | |a 972. 032 |b MAC | ||
| 100 | |a Macías, Anna |e (autor) | ||
| 245 | 1 | 0 | |a Génesis del gobierno constitucional en México : |b 1808-1820 / |c A. Macías ; tr. por María Elena Hope y Antonieta Sánchez Mejorada de Hope. |
| 264 | 4 | |a México : |b Secretaría de Educación Pública, |c 1973, c1973 | |
| 300 | |a 189 p. | ||
| 336 | |a texto |b txt |2 rdacontenido | ||
| 337 | |a sin mediación |b n |2 rdamedio | ||
| 338 | |a volumen |b nc |2 rdasoporte | ||
| 440 | 1 | |a (SepSetentas ; |v 94) | |
| 520 | |a El libro aborda los orígenes de la Constitución de Apatzingán de 1814, considerada la primera Carta Magna de México en armas. También se analiza la personalidad de sus autores, las razones por las cuales se retrasó su promulgación y finalmente las opiniones que de esta ley tuvieron algunos historiadores como Fray Servando Teresa de Mier y José Miranda. | ||
| 649 | |a XX | ||
| 650 | |a Constitución, 1814 - |z México - |x Tema Principal | ||
| 650 | |a Política - |z México - |x Historia | ||
| 650 | |a Historiografía - |z México | ||
| 650 | |a México - |x Historia - |y Guerra de Independencia, 1810-1821 | ||
| 650 | |a México - |x Historia Constitucional | ||
| 650 | |a México - |x Historia | ||
| 910 | |a Fondo Salvador Reynoso Reynoso | ||
| 920 | |a Impresos - Libros | ||
| 930 | |a Fondos Especiales | ||
| 905 | |a 112 | ||
| 901 | |a 0500030814 |b IT2 |c ESP |u 20250521 | ||
| 902 | |a https://opac.biblio.iteso.mx/vufind/Record/000095310 | ||